The new international dictionary of Pentecostal and charismatic movements. (Record no. 6668)

MARC details
000 -LEADER
fixed length control field 01589cam a22003494a 4500
001 - CONTROL NUMBER
control field 12311494
003 - CONTROL NUMBER IDENTIFIER
control field GBCCL
005 - DATE AND TIME OF LATEST TRANSACTION
control field 20241126110608.0
008 - FIXED-LENGTH DATA ELEMENTS--GENERAL INFORMATION
fixed length control field 010215s2002 miua bd 001 0 eng
010 ## -
-- 2001023554
020 ## - INTERNATIONAL STANDARD BOOK NUMBER
International Standard Book Number 0310224810 (hardcover : alk. paper)
040 ## - CATALOGING SOURCE
Original cataloging agency DLC
Transcribing agency DLC
Modifying agency DLC
042 ## -
-- pcc
050 00 -
-- BR1644
-- .D53 2002
082 00 - DEWEY DECIMAL CLASSIFICATION NUMBER
Classification number 270.8203
Edition information 21
Item number NEW
245 04 - TITLE STATEMENT
Title The new international dictionary of Pentecostal and charismatic movements.
250 ## - EDITION STATEMENT
Edition statement Rev. and expanded ed. /
Remainder of edition statement Stanley M. Burgess, editor ; Eduard M. van der Maas, associate editor.
260 ## - PUBLICATION, DISTRIBUTION, ETC.
Place of publication, distribution, etc. Grand Rapids, Mich. :
Name of publisher, distributor, etc. Zondervan Pub. House,
Date of publication, distribution, etc. c2002.
300 ## - PHYSICAL DESCRIPTION
Extent xxxi, 1278 p. :
Other physical details ill. ;
Dimensions 25 cm.
500 ## - GENERAL NOTE
General note Rev. ed. of: Dictionary of Pentecostal and charismatic movements.
504 ## - BIBLIOGRAPHY, ETC. NOTE
Bibliography, etc. note Includes bibliographical references and indexes.
650 #0 - SUBJECT ADDED ENTRY--TOPICAL TERM
Topical term or geographic name entry element Pentecostalism
Form subdivision Dictionaries.
9 (RLIN) 11909
650 #0 - SUBJECT ADDED ENTRY--TOPICAL TERM
Topical term or geographic name entry element Pentecostal churches
Form subdivision Dictionaries.
9 (RLIN) 11910
700 1# - ADDED ENTRY--PERSONAL NAME
Personal name Burgess, Stanley M.,
Dates associated with a name 1937-
9 (RLIN) 11911
700 1# - ADDED ENTRY--PERSONAL NAME
Personal name Van der Maas, Ed M.
9 (RLIN) 11912
730 0# -
-- Dictionary of Pentecostal and charismatic movements.
-- 11913
856 42 - ELECTRONIC LOCATION AND ACCESS
Materials specified Publisher description
Uniform Resource Identifier <a href="http://www.loc.gov/catdir/enhancements/fy0633/2001023554-d.html">http://www.loc.gov/catdir/enhancements/fy0633/2001023554-d.html</a>
856 41 - ELECTRONIC LOCATION AND ACCESS
Materials specified Table of contents only
Uniform Resource Identifier <a href="http://www.loc.gov/catdir/enhancements/fy0633/2001023554-t.html">http://www.loc.gov/catdir/enhancements/fy0633/2001023554-t.html</a>
906 ## - LOCAL DATA ELEMENT F, LDF (RLIN)
a 7
b cbc
c orignew
d 1
e ocip
f 20
g y-gencatlg
942 ## - ADDED ENTRY ELEMENTS (KOHA)
Source of classification or shelving scheme Dewey Decimal Classification
Koha item type Reference Books
Holdings
Withdrawn status Lost status Source of classification or shelving scheme Damaged status Not for loan Home library Current Library Shelving location Date acquired Total checkouts Full call number Barcode Date last seen Copy number Price effective from Koha item type
    Dewey Decimal Classification     GRACE BIBLE COLLEGE GRACE BIBLE COLLEGE Dictionary 2018-05-23   270.8203 NEW 009975 2025-05-01 c.1 2018-05-23 Reference Books
© Grace Bible College Library 2025